| 000 | 00806nam a2200241 a 4500 | ||
|---|---|---|---|
| 999 |
_c11979 _d11979 |
||
| 001 | 11979 | ||
| 003 | BD-JhCC | ||
| 005 | 20221115134023.0 | ||
| 008 | 210301b2018 bg |||| ||a| 000 0 ben d | ||
| 020 | _a9789849244054 | ||
| 035 | _a(BD-JhCC)11979 | ||
| 040 |
_aBD-JhCC _dBD-JhCC |
||
| 041 | _abengali | ||
| 082 |
_a823.914 _bREI 2018 |
||
| 100 | _aরাইলী,ম্যাথিউ | ||
| 245 |
_aকন্টেস্ট / _cম্যাথিউ রাইলী, অনুঃ ফারজানা তাসনিম । |
||
| 260 |
_aঢাকা: _bআদি; _c২০১৮. |
||
| 300 |
_a254 p. : _c21 cm. |
||
| 651 |
_aLibrary buildings _xContests _yFathers and daughters _zSuspense fiction |
||
| 700 | _aতাসনিম ,ফারজানা | ||
| 942 |
_2ddc _cBK _07 |
||